La agonía de Francia / (Record no. 179998)

MARC details
000 -LEADER
campo de control de longitud fija 00912nam a2200265 i 4500
001 - NÚMERO DE CONTROL
campo de control 179998
003 - IDENTIFICADOR DE NÚMERO DE CONTROL
campo de control ES-MaACL
005 - FECHA Y HORA DE LA ÚLTIMA TRANSACCIÓN
campo de control 20240214190531.0
008 - DATOS DE LONGITUD FIJA--INFORMACIÓN GENERAL
campo de control de longitud fija 120313s2010 sp |||| | spa d
020 ## - NÚMERO INTERNACIONAL ESTÁNDAR DEL LIBRO
Número Internacional Estándar del Libro 978-84-92663-21-7
080 ## - NÚMERO DE LA CLASIFICACIÓN DECIMAL UNIVERSAL
Número de la Clasificación Decimal Universal 94(44)"1940/45"
100 1# - ENTRADA PRINCIPAL--NOMBRE DE PERSONA
Nombre de persona Chaves Nogales, Manuel,
Fechas asociadas al nombre 1897-1944
9 (RLIN) 38275
245 13 - MENCIÓN DEL TÍTULO
Título La agonía de Francia /
Mención de responsabilidad, etc. Manuel Chaves Nogales ; introducción de Xavier Pericay.
250 ## - MENCION DE EDICION
Mención de edición 1ª ed. en Libros del Asteroide.
260 ## - PUBLICACIÓN, DISTRIBUCIÓN, ETC.
Lugar de publicación, distribución, etc. Barcelona :
Nombre del editor, distribuidor, etc. Libros del Asteroide,
Fecha de publicación, distribución, etc. 2010.
300 ## - DESCRIPCIÓN FÍSICA
Extensión XIV, 187 p. ;
Dimensiones 20 cm.
490 1# - MENCIÓN DE SERIE
Mención de serie Asteroide ;
Designación de volumen o secuencia 63
500 ## - NOTA GENERAL
Nota general Índices.
651 #7 - PUNTO DE ACCESO ADICIONAL DE MATERIA--NOMBRE GEOGRÁFICO
Nombre geográfico Francia-
Subdivisión general Historia-
Subdivisión cronológica 1940-1945, Ocupación alemana.
9 (RLIN) 139486
700 1# - ENTRADA AGREGADA--NOMBRE PERSONAL
Nombre de persona Pericay, Xavier.
9 (RLIN) 91254
830 0# - PUNTO DE ACCESO ADICIONAL DE SERIE-TÍTULO UNIFORME
Título uniforme Asteroide ;
Designación de volumen o secuencia 63
9 (RLIN) 224579
852 ## - LOCALIZACIÓN
Ubicación ES-MaACL
Número de control de estantería A-12034
itemnumber 186905
Sublocalización o colección R.146753
Ubicación en estantería Depósito 1
Signatura antigua Olim: N-5039
942 ## - ELEMENTOS DE ENTRADA SECUNDARIOS (KOHA)
Fuente del sistema de clasificación o colocación Clasificación decimal universal
Tipo de ítem Koha Libro impreso
Holdings
Estatus retirado Estado de pérdida Fuente del sistema de clasificación o colocación Estado de daño No para préstamo Biblioteca de origen Biblioteca actual Ubicación en estantería Fecha de adquisición Fuente de adquisición Total de préstamos Signatura topográfica completa Código de barras Visto por última vez Precio de reemplazo Tipo de ítem Koha
    Clasificación decimal universal     Biblioteca del Ateneo de Madrid Biblioteca del Ateneo de Madrid Depósito 1 13/03/2012 Compra   A-12034 1189106 23/02/2023 23/02/2023 Libro impreso